[Event "August TNT"]
[Site "Winnipeg CAN"]
[Date "2006.08.01"]
[Round "1"]
[White "Silva, T Romeo"]
[Black "Gibson, Fred"]
[Result "1-0"]
[WhiteElo "1799"]
[BlackElo "1188"]
[PlyCount "83"]
[EventDate "2006.08.01"]
[EventType "swiss"]
[EventRounds "4"]
[EventCountry "CAN"]

1. e4 c5 2. Nf3 d6 3. d4 cxd4 4. Nxd4 Nf6 5. Nc3 g6 6. f3 Bg7 7. Be3 O-O 8. Bc4
Nc6 9. Nb3 Bd7 10. Qd2 Ne5 11. Be2 b5 12. Bxb5 Bxb5 13. Nxb5 Nc4 14. Qc1 Nxe3
15. Qxe3 Nd7 16. Nc3 Ne5 17. Nd2 Qc7 18. O-O Nc6 19. Kh1 Nd4 20. Rac1 Rfe8 21.
Qd3 e6 22. Rb1 Rad8 23. Ne2 Nc6 24. c3 Qa5 25. a3 d5 26. exd5 Rxd5 27. Qe3 Ne7
28. Nd4 Nf5 29. Nxf5 Rxf5 30. Rfd1 Rh5 31. g4 Re5 32. Qf2 Qb5 33. c4 Qa4 34.
Rdc1 Bh6 35. Rc3 Rd8 36. Nb3 Bg7 37. Rf1 Qc6 38. Rc2 Rg5 39. h3 Rd3 40. Nc1
Rxf3 41. Qxf3 Qd6 42. Qxf7+ 1-0

[Event "August TNT"]
[Site "Winnipeg CAN"]
[Date "2006.08.08"]
[Round "2"]
[White "Nguyen, Huy"]
[Black "Wiebe, Daniel"]
[Result "1/2-1/2"]
[WhiteElo "1680"]
[BlackElo "1290"]
[PlyCount "84"]
[EventDate "2006.08.01"]
[EventType "swiss"]
[EventRounds "4"]
[EventCountry "CAN"]

1. d4 d5 2. b3 Bf5 3. Bb2 Nc6 4. Nf3 e6 5. e3 Bd6 6. Bd3 Nge7 7. O-O Be4 8.
Nbd2 Bxd3 9. cxd3 Ng6 10. g3 h5 11. e4 h4 12. Re1 Nce7 13. e5 Bb4 14. Re2 hxg3
15. fxg3 Nf5 16. a3 Bxd2 17. Qxd2 Qd7 18. Qa5 Qc6 19. Rc1 Qb6 20. Qxb6 cxb6 21.
Rc7 Rb8 22. Kf2 Nfe7 23. a4 O-O 24. Ba3 Rfc8 25. Rec2 Nc6 26. Rxc8+ Rxc8 27. b4
a5 28. b5 Nce7 29. Rxc8+ Nxc8 30. h4 Nf8 31. g4 g6 32. g5 Nh7 33. Nh2 Nf8 34.
Ng4 Nd7 35. Kf3 Kg7 36. Kf4 Kg8 37. Nh6+ Kg7 38. Ng4 Kg8 39. Nf6+ Nxf6 40. exf6
Kh7 41. Ke5 Kg8 42. Kf4 Kh7 1/2-1/2

[Event "August TNT"]
[Site "Winnipeg CAN"]
[Date "2006.08.08"]
[Round "2"]
[White "Pottinger, Carl"]
[Black "Khedkar, Jay"]
[Result "0-1"]
[WhiteElo "1720"]
[BlackElo "1862"]
[PlyCount "43"]
[EventDate "2006.08.01"]
[EventType "swiss"]
[EventRounds "4"]
[EventCountry "CAN"]

1. d4 Nf6 2. Nf3 e6 3. c4 d5 4. Nc3 c6 5. e3 Nbd7 6. Qc2 Bd6 7. g4 Nxg4 8. Rg1
Nh6 9. Rxg7 Qf6 10. Rxh7 Rxh7 11. Qxh7 Nf8 12. Qc2 Qxf3 13. Be2 Qh1+ 14. Kd2
Qxh2 15. f4 Nf5 16. Kd3 dxc4+ 17. Kxc4 b5+ 18. Kb3 a5 19. a3 Bd7 20. Bd2 Bxf4
21. Qe4 Bg5 22. Rh1 0-1

[Event "August TNT"]
[Site "Winnipeg CAN"]
[Date "2006.08.08"]
[Round "2"]
[White "Repa, Jason"]
[Black "Greenberg, Harley"]
[Result "1-0"]
[WhiteElo "1956"]
[BlackElo "1746"]
[PlyCount "91"]
[EventDate "2006.08.01"]
[EventType "swiss"]
[EventRounds "4"]
[EventCountry "CAN"]

1. f4 d5 2. Nf3 c5 3. e3 Nf6 4. b3 g6 5. Bb2 Bg7 6. Bb5+ Bd7 7. Qe2 O-O 8. O-O
Nc6 9. d3 Rc8 10. Nbd2 Qc7 11. Rae1 d4 12. Bxc6 Bxc6 13. Ne5 Rfd8 14. Nxc6 Qxc6
15. a4 Nd5 16. Nc4 b5 17. axb5 Qxb5 18. Ra1 Qb8 19. f5 e5 20. Qf3 Qc7 21. e4
Nb6 22. Nd2 Rf8 23. Ra6 Rb8 24. Rfa1 Nc8 25. Nc4 Qd7 26. g4 gxf5 27. gxf5 f6
28. Bc1 Kh8 29. Qh5 Rg8 30. Kf2 Bf8 31. Bh6 Qe7 32. Re6 Qd8 33. Re8 Qxe8 34.
Qxe8 Bxh6 35. Qc6 Bg5 36. Qc7 Rb5 37. Nd6 Nxd6 38. Qxd6 Be3+ 39. Kf3 Rb7 40.
Qxf6+ Rbg7 41. Rxa7 Bg5 42. Qxe5 h5 43. Rxg7 Rxg7 44. f6 Rg6 45. f7+ Rf6+ 46.
Qxf6+ 1-0

[Event "August TNT"]
[Site "Winnipeg CAN"]
[Date "2006.08.08"]
[Round "2"]
[White "Vlaovic, George"]
[Black "Silva, T Romeo"]
[Result "1-0"]
[WhiteElo "2292"]
[BlackElo "1799"]
[PlyCount "61"]
[EventDate "2006.08.01"]
[EventType "swiss"]
[EventRounds "4"]
[EventCountry "CAN"]

1. e4 e5 2. Nc3 Nf6 3. g3 Bb4 4. Bg2 O-O 5. Nge2 Re8 6. O-O c6 7. d4 exd4 8.
Qxd4 c5 9. Qd6 Re6 10. Qd3 Nc6 11. f4 c4 12. Qxc4 Qb6+ 13. Kh1 Ng4 14. h3 d5
15. Nxd5 Nf2+ 16. Rxf2 Qxf2 17. Be3 Qxe3 18. Nxe3 Rh6 19. Nf5 Rg6 20. Ned4 Bf8
21. e5 Nxd4 22. Nxd4 Rxg3 23. Kh2 Rg6 24. f5 Rh6 25. Bd5 Rh4 26. Bxf7+ Kh8 27.
Qd5 Be7 28. Rg1 g6 29. Rg4 Rh6 30. e6 Bf6 31. e7 1-0

[Event "August TNT"]
[Site "Winnipeg CAN"]
[Date "2006.08.15"]
[Round "3"]
[White "Clark, Jeff"]
[Black "Van Wyk, Joseph"]
[Result "0-1"]
[WhiteElo "1790"]
[BlackElo "1813"]
[PlyCount "120"]
[EventDate "2006.08.01"]
[EventType "swiss"]
[EventRounds "4"]
[EventCountry "CAN"]

1. Nf3 c5 2. c4 Nc6 3. Nc3 e6 4. e3 d5 5. cxd5 exd5 6. d4 Nf6 7. Be2 Be6 8. O-O
Bd6 9. Nb5 Be7 10. dxc5 Bxc5 11. Nbd4 O-O 12. b3 Rc8 13. Bb2 Ne4 14. Rc1 Qa5
15. Nxc6 Rxc6 16. Nd4 Rcc8 17. Nxe6 fxe6 18. Bg4 Rc6 19. a3 Nxf2 20. Bxe6+ Rxe6
21. Qxd5 Nh3+ 22. Kh1 Rxf1+ 23. Rxf1 Qb6 24. gxh3 Qc6 25. Qxc6 bxc6 26. b4 Bxe3
27. Re1 Kf7 28. Rf1+ Kg6 29. Rf3 Bg5 30. Bd4 a6 31. Kg2 Re2+ 32. Kg3 h5 33. h4
Bxh4+ 34. Kxh4 Re4+ 35. Kg3 Rxd4 36. Rc3 Rd6 37. Kf4 Kf6 38. Rc5 g5+ 39. Ke4
Re6+ 40. Kf3 g4+ 41. Kf4 Kg6 42. Rg5+ Kh6 43. Ra5 Rf6+ 44. Kg3 Rf3+ 45. Kg2 h4
46. Rxa6 Kg5 47. a4 Rc3 48. Ra5+ Kf4 49. Rc5 h3+ 50. Kf2 Ra3 51. Rc4+ Kg5 52.
a5 Ra2+ 53. Kg1 Ra1+ 54. Kf2 Rh1 55. a6 Rxh2+ 56. Ke3 Ra2 57. Rc5+ Kh4 58. Rxc6
h2 59. b5 Kg3 60. Rh6 Kg2 0-1

[Event "August TNT"]
[Site "Winnipeg CAN"]
[Date "2006.08.15"]
[Round "3"]
[White "Greenberg, Harley"]
[Black "Rumpel, Chris"]
[Result "1/2-1/2"]
[WhiteElo "1746"]
[BlackElo "1715"]
[PlyCount "54"]
[EventDate "2006.08.01"]
[EventType "swiss"]
[EventRounds "4"]
[EventCountry "CAN"]

1. d4 d5 2. c4 c6 3. Nc3 Nf6 4. Nf3 a6 5. cxd5 cxd5 6. g3 Nc6 7. Bg2 Bf5 8. a3
e6 9. Nh4 Bg6 10. O-O Bd6 11. Nxg6 hxg6 12. Bg5 Qb6 13. Bxf6 gxf6 14. e4 Qxd4
15. exd5 exd5 16. Re1+ Kf8 17. Bxd5 Bc5 18. Qxd4 Bxd4 19. Rad1 Bxc3 20. bxc3
Kg7 21. Bxc6 bxc6 22. Re7 Rhf8 23. Rdd7 Rab8 24. Rc7 Rb3 25. Rxc6 Rxa3 26. c4
a5 27. c5 a4 1/2-1/2

[Event "August TNT"]
[Site "Winnipeg CAN"]
[Date "2006.08.15"]
[Round "3"]
[White "Khedkar, Jay"]
[Black "Vlaovic, George"]
[Result "0-1"]
[WhiteElo "1862"]
[BlackElo "2292"]
[PlyCount "62"]
[EventDate "2006.08.01"]
[EventType "swiss"]
[EventRounds "4"]
[EventCountry "CAN"]

1. d4 c5 2. Nf3 cxd4 3. Nxd4 b6 4. e4 Bb7 5. Nc3 a6 6. Bd3 g6 7. Be3 Bg7 8. O-O
d6 9. f4 Nd7 10. Qe2 Ngf6 11. Rad1 O-O 12. a4 Qc7 13. Kh1 Nc5 14. Bg1 e5 15.
Nb3 exf4 16. Qf3 Nh5 17. Nd4 Qd8 18. Nf5 Be5 19. Bxc5 bxc5 20. Bc4 gxf5 21.
Qxh5 fxe4 22. Nd5 f3 23. gxf3 Kh8 24. fxe4 f6 25. Rf5 Ra7 26. Rg1 Bxd5 27. Bxd5
Bxb2 28. Qh6 Bd4 29. Rb1 Rg7 30. Rh5 Qe8 31. Rb7 Rg1# 0-1

[Event "August TNT"]
[Site "Winnipeg CAN"]
[Date "2006.08.15"]
[Round "3"]
[White "Kwiatek, Jordan"]
[Black "Gibbons, Michael"]
[Result "0-1"]
[WhiteElo "1811"]
[BlackElo "2008"]
[PlyCount "110"]
[EventDate "2006.08.01"]
[EventType "swiss"]
[EventRounds "4"]
[EventCountry "CAN"]

1. d4 g6 2. e4 Bg7 3. Nc3 c5 4. Be3 cxd4 5. Bxd4 Bxd4 6. Qxd4 Nf6 7. Nd5 Nc6 8.
Nxf6+ exf6 9. Qd6 Qa5+ 10. c3 Qe5 11. O-O-O Qxd6 12. Rxd6 Ke7 13. Rd2 d6 14.
Bc4 Be6 15. Bd5 Rac8 16. Kb1 Rc7 17. Nf3 Rhc8 18. Rhd1 Bg4 19. Bxc6 Bxf3 20.
gxf3 Rxc6 21. Rd5 Rb6 22. Kc2 Ra6 23. a3 Rac6 24. R1d4 R8c7 25. Ra5 a6 26. Rad5
Rb6 27. c4 Rbc6 28. Kd3 h5 29. h4 b6 30. a4 a5 31. b3 Ra7 32. f4 Ra8 33. e5
dxe5 34. fxe5 Re8 35. Rd7+ Kf8 36. R4d6 Re6 37. f4 Rcxd6+ 38. Rxd6 fxe5 39.
Rxe6 fxe6 40. fxe5 Kf7 41. Ke3 g5 42. hxg5 Kg6 43. Kf4 h4 44. Kg4 h3 45. Kxh3
Kxg5 46. Kg3 Kf5 47. Kf3 Kxe5 48. Ke3 Kd6 49. Kd4 e5+ 50. Ke4 Ke6 51. Kd3 Kf5
52. b4 axb4 53. c5 e4+ 54. Ke3 b3 55. c6 Ke6 0-1

[Event "August TNT"]
[Site "Winnipeg CAN"]
[Date "2006.08.15"]
[Round "3"]
[White "Wiebe, Daniel"]
[Black "Wasserman, Leor"]
[Result "1-0"]
[WhiteElo "1290"]
[BlackElo "1348"]
[PlyCount "63"]
[EventDate "2006.08.01"]
[EventType "swiss"]
[EventRounds "4"]
[EventCountry "CAN"]

1. e4 e5 2. Nf3 Nc6 3. Bc4 d6 4. Nc3 Nf6 5. d3 Be7 6. Be3 Bg4 7. Qd2 Bxf3 8.
gxf3 Qd7 9. O-O-O a6 10. Rhg1 g6 11. Nd5 Nxd5 12. Bxd5 Bf6 13. Bg5 Bg7 14. Rg3
h6 15. Be3 O-O-O 16. Qc3 Nd4 17. Bxd4 exd4 18. Qb3 c6 19. Bxf7 d5 20. Bxg6 Kb8
21. Bf5 Qf7 22. Rg6 Be5 23. Rxc6 Bxh2 24. Rxa6 Bf4+ 25. Kb1 h5 26. Be6 Qf6 27.
Rb6 Qg7 28. Bxd5 Rd7 29. a4 h4 30. a5 h3 31. a6 Rh7 32. Bxb7 1-0

[Event "August TNT"]
[Site "Winnipeg CAN"]
[Date "2006.08.15"]
[Round "3"]
[White "Zhou, Lu"]
[Black "Nguyen, Huy"]
[Result "1-0"]
[WhiteElo "1786"]
[BlackElo "1680"]
[PlyCount "37"]
[EventDate "2006.08.01"]
[EventType "swiss"]
[EventRounds "4"]
[EventCountry "CAN"]

1. e4 Nf6 2. e5 Nd5 3. d4 e6 4. c4 Nb6 5. Nc3 d5 6. c5 N6d7 7. Bd3 b6 8. cxb6
axb6 9. Be3 Ba6 10. f4 g6 11. Nf3 Bg7 12. b4 Bxd3 13. Qxd3 Ra3 14. Qd2 O-O 15.
O-O Nc6 16. Nb5 Nxb4 17. Nxa3 c5 18. dxc5 bxc5 19. Bxc5 1-0

[Event "August TNT"]
[Site "Winnipeg CAN"]
[Date "2006.08.22"]
[Round "4"]
[White "Kwiatek, Jordan"]
[Black "Essery, Richard"]
[Result "1-0"]
[WhiteElo "1811"]
[BlackElo "1549"]
[PlyCount "39"]
[EventDate "2006.08.01"]
[EventType "swiss"]
[EventRounds "4"]
[EventCountry "CAN"]

1. e4 d5 2. exd5 Qxd5 3. Nc3 Qa5 4. b4 Qe5+ 5. Be2 c6 6. Nf3 Qc7 7. d4 Bf5 8.
d5 e6 9. dxe6 Bxe6 10. Qd4 Nf6 11. Ng5 Bf5 12. Bf4 Qd7 13. Qe5+ Be7 14. Rd1 Qc8
15. O-O Bxc2 16. Nxf7 Kxf7 17. Bc4+ Nd5 18. Nxd5 cxd5 19. Qxd5+ Kg6 20. Qf7#
1-0

[Event "August TNT"]
[Site "Winnipeg CAN"]
[Date "2006.08.22"]
[Round "4"]
[White "Pottinger, Carl"]
[Black "Clark, Jeff"]
[Result "0-1"]
[WhiteElo "1720"]
[BlackElo "1790"]
[PlyCount "98"]
[EventDate "2006.08.01"]
[EventType "swiss"]
[EventRounds "4"]
[EventCountry "CAN"]

1. c4 c5 2. g3 Nc6 3. Bg2 e6 4. e4 Be7 5. Nc3 d6 6. Nge2 Bf6 7. d3 Nge7 8. O-O
O-O 9. Be3 Nd4 10. Qd2 Nec6 11. f4 Nxe2+ 12. Nxe2 Qb6 13. Rab1 a5 14. Rfd1 Bd4
15. Nxd4 cxd4 16. Bf2 e5 17. f5 f6 18. g4 Qb4 19. Qc2 Qc5 20. a3 b5 21. Rdc1 b4
22. a4 Nb8 23. b3 Na6 24. Bf3 Ra7 25. Bd1 Bd7 26. Qe2 Be8 27. Bc2 Qc7 28. h4
Nc5 29. Be1 Qd8 30. Bd2 h6 31. Kh2 Kf7 32. Rg1 Rh8 33. Rg3 Ke7 34. Rbg1 Kd7 35.
Kg2 Kc6 36. Kf1 Kb6 37. g5 hxg5 38. hxg5 Bh5 39. Qg2 g6 40. fxg6 fxg5 41. Rxg5
Ne6 42. Rf5 Rg7 43. Rxh5 Rxh5 44. Qg4 Qf6+ 45. Ke1 Qh4+ 46. Qxh4 Rxh4 47. Bd1
Nf4 48. Bxf4 exf4 49. Rg5 Rh6 0-1

[Event "August TNT"]
[Site "Winnipeg CAN"]
[Date "2006.08.22"]
[Round "4"]
[White "Silva, T Romeo"]
[Black "Khedkar, Jay"]
[Result "1/2-1/2"]
[WhiteElo "1799"]
[BlackElo "1862"]
[PlyCount "110"]
[EventDate "2006.08.01"]
[EventType "swiss"]
[EventRounds "4"]
[EventCountry "CAN"]

1. Nf3 d6 2. d4 Nf6 3. c4 c6 4. Nc3 Nbd7 5. e4 Qc7 6. Be2 e5 7. d5 Be7 8. Bd2
O-O 9. Rc1 Nc5 10. Qc2 Bg4 11. O-O a5 12. b3 Nfd7 13. Be3 f5 14. exf5 Bxf5 15.
Qd2 Rad8 16. Bg5 Nf6 17. Be3 Nfe4 18. Nxe4 Nxe4 19. Qe1 Bg4 20. Nd2 Nf6 21. f3
Bf5 22. Qf2 c5 23. Qe1 Bg6 24. Bg5 Nxd5 25. Bxe7 Nxe7 26. Nb1 Bxb1 27. Rxb1 Nf5
28. Bd3 g6 29. Qe4 Nd4 30. Rb2 Rf4 31. Qe3 Rdf8 32. Be4 Qe7 33. Bd5+ Kg7 34. g3
R4f5 35. g4 Rf4 36. Rg2 Qg5 37. Qd3 Qf6 38. Rgf2 Ne6 39. Be4 Ng5 40. Kg2 Nxe4
41. Qxe4 Rxe4 42. fxe4 Qf4 43. Rxf4 exf4 44. g5 h6 45. h4 hxg5 46. hxg5 Rf7 47.
Kf3 Kf8 48. Kg4 Ke7 49. Rxf4 Rh7 50. Rf6 Rg7 51. Kf4 Rf7 52. Rxf7+ Kxf7 53. e5
Ke6 54. exd6 Kxd6 55. a3 Ke6 1/2-1/2

[Event "August TNT"]
[Site "Winnipeg CAN"]
[Date "2006.08.22"]
[Round "4"]
[White "Van Wyk, Joseph"]
[Black "Repa, Jason"]
[Result "0-1"]
[WhiteElo "1813"]
[BlackElo "1956"]
[PlyCount "59"]
[EventDate "2006.08.01"]
[EventType "swiss"]
[EventRounds "4"]
[EventCountry "CAN"]

1. c4 e6 2. g3 f5 3. Bg2 Nf6 4. Nf3 d5 5. Qc2 c6 6. b3 Be7 7. Bb2 O-O 8. O-O
Qe8 9. Na3 Qh5 10. Rac1 Nbd7 11. Nd4 Qf7 12. cxd5 Nxd5 13. Nc4 e5 14. Nf3 e4
15. Nfe5 Qh5 16. d3 Nb4 17. Qd2 Nxa2 18. Ra1 Nb4 19. dxe4 Nxe5 20. Nxe5 fxe4
21. Bxe4 Bh3 22. Rfd1 Rad8 23. Qe3 Rde8 24. Bf3 Qf5 25. Qxa7 Bf6 26. Nc4 Bxb2
27. Nxb2 Qc2 28. Qa3 Rxf3 29. exf3 Qc3 30. Nc4 0-1

[Event "August TNT"]
[Site "Winnipeg CAN"]
[Date "2006.08.22"]
[Round "4"]
[White "Vlaovic, George"]
[Black "Gibbons, Michael"]
[Result "0-1"]
[WhiteElo "2292"]
[BlackElo "2008"]
[PlyCount "34"]
[EventDate "2006.08.01"]
[EventType "swiss"]
[EventRounds "4"]
[EventCountry "CAN"]

1. e4 c5 2. Nf3 Nc6 3. d4 cxd4 4. Nxd4 Nf6 5. Nc3 e5 6. Nde2 Bb4 7. Bg5 Ne7 8.
a3 Ba5 9. Bxf6 gxf6 10. Qd6 Qb6 11. Qd2 Qxb2 12. Ra2 Qb6 13. f4 d5 14. exd5
Nxd5 15. Qxd5 Be6 16. Qf3 Bxa2 17. Kd1 Qb2 0-1

[Event "August TNT"]
[Site "Winnipeg CAN"]
[Date "2006.08.22"]
[Round "4"]
[White "Wasserman, Leor"]
[Black "Adol, Deng"]
[Result "0-1"]
[WhiteElo "1348"]
[BlackElo "1785"]
[PlyCount "58"]
[EventDate "2006.08.01"]
[EventType "swiss"]
[EventRounds "4"]
[EventCountry "CAN"]

1. e4 e5 2. Nf3 d6 3. Bc4 h6 4. O-O Nc6 5. Nc3 Nf6 6. Re1 Be7 7. d4 exd4 8.
Nxd4 Nxd4 9. Qxd4 O-O 10. Bf4 Be6 11. Bb3 Nh5 12. Be3 a6 13. Bxe6 fxe6 14. Qc4
Qd7 15. Rad1 b5 16. Qb3 Kh8 17. Ne2 e5 18. Qd3 Nf6 19. c4 Qc6 20. cxb5 axb5 21.
Rc1 Qb7 22. Nc3 c6 23. a3 c5 24. Nxb5 Ra5 25. Nxd6 Qxb2 26. Bxc5 Nd7 27. Be3
Rxa3 28. Nc4 Qxc1 29. Nxa3 Qxe1+ 0-1

[Event "August TNT"]
[Site "Winnipeg CAN"]
[Date "2006.08.22"]
[Round "4"]
[White "Wiebe, Daniel"]
[Black "Greenberg, Harley"]
[Result "1/2-1/2"]
[WhiteElo "1290"]
[BlackElo "1746"]
[PlyCount "58"]
[EventDate "2006.08.01"]
[EventType "swiss"]
[EventRounds "4"]
[EventCountry "CAN"]

1. e4 c5 2. Nf3 Nc6 3. d4 cxd4 4. Nxd4 Nf6 5. Nc3 e5 6. Ndb5 d6 7. Bg5 a6 8.
Bxf6 gxf6 9. Na3 b5 10. Nd5 Be6 11. Be2 Bg7 12. Bg4 O-O 13. O-O Ne7 14. f4 Bxd5
15. exd5 f5 16. Bh3 e4 17. Qh5 Bxb2 18. Rab1 Bxa3 19. Rb3 Bc5+ 20. Kh1 e3 21.
Rxe3 Bxe3 22. Rf3 Bxf4 23. Rxf4 Ng6 24. Bxf5 Qe8 25. g3 f6 26. Rg4 Qe1+ 27. Kg2
Qe2+ 28. Kg1 Qe1+ 29. Kg2 Qe2+ 1/2-1/2

[Event "Autumn op"]
[Site "Edmonton CAN"]
[Date "2006.09.21"]
[Round "3"]
[White "Dewindt, Cor"]
[Black "Mendryk, Wayne"]
[Result "1/2-1/2"]
[WhiteElo "1461"]
[BlackElo "1349"]
[PlyCount "57"]
[EventDate "2006.09.07"]
[EventType "swiss"]
[EventRounds "4"]
[EventCountry "CAN"]

1. Nf3 Nf6 2. g3 Nc6 3. Bg2 e5 4. Nc3 Be7 5. e4 d6 6. O-O Bg4 7. h3 Be6 8. d4
exd4 9. Nxd4 Nxd4 10. Qxd4 c6 11. Bg5 O-O 12. f4 c5 13. Qd2 Ne8 14. Bxe7 Qxe7
15. Nd5 Bxd5 16. exd5 f5 17. Rae1 Qf7 18. c4 Nf6 19. Re6 Qd7 20. Qc2 g6 21.
Rfe1 Rae8 22. R1e3 Nh5 23. Kh2 Ng7 24. Rxe8 Rxe8 25. Qe2 Rxe3 26. Qxe3 Qe8 27.
Qd2 Qe7 28. Bf3 Ne8 29. g4 1/2-1/2

[Event "Autumn op"]
[Site "Edmonton CAN"]
[Date "2006.09.28"]
[Round "4"]
[White "Mendryk, Wayne"]
[Black "Wang Hao"]
[Result "1/2-1/2"]
[WhiteElo "1349"]
[BlackElo "1505"]
[PlyCount "76"]
[EventDate "2006.09.07"]
[EventType "swiss"]
[EventRounds "4"]
[EventCountry "CAN"]

1. d4 Nf6 2. c4 e6 3. Nc3 d5 4. Bg5 Be7 5. Nf3 b6 6. e3 O-O 7. Bd3 Ba6 8. cxd5
Nxd5 9. Bxe7 Qxe7 10. Qc2 h6 11. a3 Bb7 12. O-O Nxc3 13. Qxc3 Bxf3 14. gxf3 f5
15. Kh1 c6 16. Rg1 Qh4 17. Rg3 Qf6 18. f4 g5 19. Rag1 Qg6 20. fxg5 h5 21. h4 c5
22. dxc5 bxc5 23. Qxc5 Nd7 24. Qb5 Rfd8 25. b4 Nb6 26. Bb1 Rd5 27. Qe2 Rad8 28.
e4 Rd2 29. Qe1 R8d4 30. exf5 exf5 31. Rh3 Nd5 32. Rf3 Rxh4+ 33. Kg2 Nf4+ 34.
Kf1 Qa6+ 35. Bd3 Nxd3 36. Qe8+ Kg7 37. Qe7+ Kg8 38. Qe8+ Kg7 1/2-1/2

[Event "Bayview Games Club"]
[Site "Toronto CAN"]
[Date "2006.??.??"]
[Round "1"]
[White "Armstrong, Robert J"]
[Black "Kurkowski, Ken"]
[Result "0-1"]
[WhiteElo "1648"]
[BlackElo "1703"]
[PlyCount "34"]
[EventDate "2006.??.??"]
[EventCountry "CAN"]

1. d4 d5 2. c4 dxc4 3. e3 e6 4. Bxc4 Nf6 5. Nf3 c5 6. O-O a6 7. a4 Nc6 8. Nc3
Be7 9. b3 cxd4 10. exd4 Nb4 11. Qe2 Nbd5 12. Bb2 O-O 13. Rac1 Bd7 14. Ne5 Rc8
15. Rfe1 Bb4 16. Bxd5 Nxd5 17. Red1 Bxc3 0-1

[Event "Bayview Games Club"]
[Site "Toronto CAN"]
[Date "2006.??.??"]
[Round "1"]
[White "Tellier, Raymond"]
[Black "Lung, Stephen"]
[Result "0-1"]
[WhiteElo "1526"]
[BlackElo "1529"]
[PlyCount "107"]
[EventDate "2006.??.??"]
[EventCountry "CAN"]

1. e4 e5 2. Nf3 Nc6 3. Bb5 a6 4. Ba4 Nf6 5. O-O b5 6. Bb3 d6 7. h3 Be7 8. Re1
O-O 9. c3 Be6 10. Bc2 Re8 11. d4 exd4 12. cxd4 Nb4 13. d5 Nxc2 14. Qxc2 Bd7 15.
Nbd2 Bf8 16. Nd4 Nxd5 17. Nc6 Bxc6 18. Qxc6 Nf6 19. Nf3 Qd7 20. Qc2 c5 21. Bf4
Qb7 22. e5 dxe5 23. Bxe5 Qe7 24. Rad1 Rad8 25. Bd6 Qb7 26. Rxe8 Nxe8 27. Be5
Rxd1+ 28. Qxd1 Qe7 29. Qc2 g6 30. Bf4 Bg7 31. b3 Nc7 32. Qd3 Ne6 33. Qe3 Bd4
34. Nxd4 cxd4 35. Qe4 Qa3 36. Bh6 Qd6 37. f4 d3 38. f5 d2 39. Bxd2 Qd4+ 40. Qe3
Qxe3+ 41. Bxe3 gxf5 42. Kf2 Kg7 43. h4 f4 44. Bd2 Kg6 45. Kf3 Kf5 46. Bc3 h5
47. Bd2 Nd4+ 48. Kf2 Kg4 49. Bc3 Nf5 50. Bf6 Nxh4 51. Bxh4 Kxh4 52. Kf3 Kg5 53.
g3 fxg3 54. Kxg3 0-1

[Event "Bayview Games Club"]
[Site "Toronto CAN"]
[Date "2006.??.??"]
[Round "2"]
[White "Jackiw, Mark"]
[Black "Armstrong, Robert J"]
[Result "1-0"]
[WhiteElo "1427"]
[BlackElo "1648"]
[PlyCount "99"]
[EventDate "2006.??.??"]
[EventCountry "CAN"]

1. c4 g6 2. f4 Bg7 3. Nf3 d6 4. Nc3 Nf6 5. e4 O-O 6. d4 c5 7. f5 cxd4 8. Nxd4
Nc6 9. Be3 Nxd4 10. Bxd4 gxf5 11. Bd3 e5 12. Be3 f4 13. Bf2 Ng4 14. Qd2 Bh6 15.
Qe2 Be6 16. h3 Nxf2 17. Qxf2 Kh8 18. h4 Rg8 19. Be2 a6 20. Nd5 Bxd5 21. exd5
Qa5+ 22. Kf1 Rac8 23. b3 b5 24. Rh3 bxc4 25. Bxc4 e4 26. Rd1 e3 27. Qe2 Rc5 28.
Bxa6 Rxd5 29. Rxd5 Qxd5 30. Bd3 Rc8 31. Bc4 Qf5 32. Qd3 Qxd3+ 33. Bxd3 Rc1+ 34.
Ke2 Ra1 35. a4 Ra2+ 36. Kf3 Rf2+ 37. Ke4 Rxg2 38. Rh1 Rf2 39. a5 e2 40. a6 Rg2
41. b4 Rg3 42. a7 Re3+ 43. Kd4 Bg7+ 44. Kc4 d5+ 45. Kc5 Re8 46. b5 Bc3 47. Bxe2
Ra8 48. b6 Be5 49. Kc6 Re8 50. b7 1-0

[Event "Bayview Games Club"]
[Site "Toronto CAN"]
[Date "2006.??.??"]
[Round "2"]
[White "Kurkowski, Ken"]
[Black "Verde, Pino"]
[Result "1-0"]
[WhiteElo "1703"]
[BlackElo "1650"]
[PlyCount "55"]
[EventDate "2006.??.??"]
[EventCountry "CAN"]

1. d4 Nf6 2. Nf3 d6 3. Nc3 Bf5 4. Bg5 Nbd7 5. e3 h6 6. Bxf6 Nxf6 7. Bd3 Bg4 8.
h3 Bd7 9. e4 c6 10. Qe2 b5 11. e5 b4 12. exf6 bxc3 13. fxe7 Bxe7 14. bxc3 Qa5
15. O-O Kf8 16. Rfb1 Re8 17. Qd2 g5 18. Rb7 Bc8 19. Rb8 g4 20. hxg4 Bxg4 21.
Rxe8+ Kxe8 22. Rb1 Qc7 23. Qf4 Bxf3 24. Qxf3 h5 25. Re1 h4 26. Qf6 Rh5 27. Bg6
Re5 28. Qxf7+ 1-0

[Event "Bayview Games Club"]
[Site "Toronto CAN"]
[Date "2006.??.??"]
[Round "2"]
[White "Lung, Stephen"]
[Black "Shahabuddin, Alizadeh"]
[Result "0-1"]
[WhiteElo "1529"]
[BlackElo "1827"]
[PlyCount "72"]
[EventDate "2006.??.??"]
[EventCountry "CAN"]

1. e4 c6 2. d4 d5 3. Nc3 dxe4 4. Nxe4 Nd7 5. Nf3 h6 6. Be2 Ngf6 7. Nxf6+ Nxf6
8. O-O Bg4 9. h3 Bh5 10. c3 e6 11. Re1 Bd6 12. Qc2 Qc7 13. Ne5 Bxe5 14. Bxh5
Bh2+ 15. Kh1 Nxh5 16. g3 Bxg3 17. fxg3 Qxg3 18. Re3 Qh4 19. Qg2 O-O-O 20. Re4
Ng3+ 21. Kh2 Nxe4 22. Be3 Ng5 23. Rg1 Rd5 24. Rf1 Rf5 25. Rxf5 exf5 26. Bf2
Qf4+ 27. Qg3 Qxg3+ 28. Bxg3 Re8 29. h4 Re2+ 30. Kg1 Nf3+ 31. Kf1 Rxb2 32. a4 f4
33. Be1 f6 34. a5 Rh2 35. Bf2 Rh1+ 36. Bg1 Rxg1+ 0-1

[Event "Bayview Games Club"]
[Site "Toronto CAN"]
[Date "2006.??.??"]
[Round "3"]
[White "Armstrong, Robert J"]
[Black "Tellier, Raymond"]
[Result "1-0"]
[WhiteElo "1875"]
[BlackElo "1526"]
[PlyCount "135"]
[EventDate "2006.??.??"]
[EventCountry "CAN"]

1. d4 d5 2. c4 c6 3. e3 dxc4 4. Bxc4 Bf5 5. Qb3 e6 6. Qxb7 Nd7 7. Qxc6 Rc8 8.
Qa4 Qb6 9. Ne2 Bb4+ 10. Nd2 Rxc4 11. O-O Rc8 12. Ng3 Bc2 13. b3 Ngf6 14. Nb1
Bd3 15. Rd1 O-O 16. Ba3 Bxa3 17. Nxa3 Be4 18. Nxe4 Nxe4 19. Qxd7 Nc3 20. Re1
Rc7 21. Nc4 Qb8 22. Qd6 Rd8 23. Qa3 g6 24. Rac1 Ne4 25. Ne5 Rxc1 26. Rxc1 Qb5
27. Qe7 Qe8 28. Qxe8+ Rxe8 29. Rc7 f6 30. Nc4 Ra8 31. Re7 Nc3 32. a4 Rb8 33.
Nd2 a5 34. Rxe6 Rc8 35. Kf1 Nd5 36. Nc4 f5 37. Ra6 Nc7 38. Rxa5 Rb8 39. Rc5 Ne6
40. Rc6 Ng5 41. Rb6 Rc8 42. a5 Ne4 43. a6 Ra8 44. b4 Nc3 45. Ke1 Nd5 46. Rb5
Nc7 47. Ra5 Rxa6 48. Rxa6 Nxa6 49. b5 Nb8 50. Kd2 Kf7 51. d5 Ke7 52. Kd3 Kd7
53. Kd4 Ke7 54. d6+ Ke6 55. Kc5 h6 56. Kb6 Nd7+ 57. Kc7 Nc5 58. b6 Na6+ 59. Kc8
Nc5 60. b7 Nd7 61. b8=Q Nxb8 62. Kxb8 Kd7 63. Kb7 g5 64. Kb6 f4 65. exf4 gxf4
66. Kc5 h5 67. Nb6+ Kd8 68. Kc6 1-0

[Event "Bayview Games Club"]
[Site "Toronto CAN"]
[Date "2006.??.??"]
[Round "3"]
[White "Buzila, Georghe"]
[Black "Lung, Stephen"]
[Result "1-0"]
[WhiteElo "1600"]
[BlackElo "1323"]
[PlyCount "105"]
[EventDate "2006.??.??"]
[EventCountry "CAN"]

1. e4 e5 2. Nf3 Nc6 3. Bb5 a6 4. Ba4 Nf6 5. d3 b5 6. Bb3 d6 7. h3 Be7 8. c3 Be6
9. Ng5 Bxb3 10. Qxb3 O-O 11. Be3 h6 12. Nf3 Qd7 13. Nbd2 Qe6 14. Qc2 Qd7 15. d4
exd4 16. cxd4 Rac8 17. a3 Nd8 18. O-O c5 19. d5 Nb7 20. Rfe1 Rfe8 21. Nf1 Bf8
22. Ng3 g6 23. Bf4 Kh7 24. Rad1 Ng8 25. Nh2 Bg7 26. f3 Be5 27. Bxe5 Rxe5 28.
Ng4 Re7 29. Qc3 Ree8 30. f4 Re7 31. Nf6+ Nxf6 32. Qxf6 Rce8 33. Re2 Kg8 34.
Rde1 a5 35. Kh2 Kh7 36. f5 Nd8 37. h4 h5 38. Qg5 Rg8 39. e5 dxe5 40. f6 Ree8
41. Rxe5 Rxe5 42. Rxe5 Qg4 43. Re7 Qxg5 44. hxg5 a4 45. Ne4 c4 46. Nc3 b4 47.
axb4 Rf8 48. Nxa4 Kg8 49. Nb6 Nb7 50. Rxb7 Rd8 51. Nd7 Re8 52. Rb8 Rxb8 53.
Nxb8 1-0